[Event "Sterlitamak Rochinskiy op"]
[Site "Sterlitamak"]
[Date "2012.06.30"]
[Round "9"]
[White "Kudojarov, Mars"]
[Black "Polovnikov, Denis"]
[Result "1/2-1/2"]
[WhiteElo "1936"]
[BlackElo "1914"]
[PlyCount "129"]
[EventDate "2012.06.22"]
[EventType "swiss"]
[EventRounds "9"]
[EventCountry "RUS"]
[SourceTitle "EXT 2013"]
[Source "ChessBase"]
[SourceDate "2012.11.22"]
[SourceVersion "1"]
[SourceVersionDate "2012.11.22"]
[SourceQuality "1"]

1. d4 d5 2. c4 Nc6 3. Nf3 Bg4 4. e3 e5 5. dxe5 dxc4 6. Be2 Bxf3 7. Bxf3 Nxe5 8. Bxb7 Qxd1+ 9. Kxd1 Rb8 10. Be4 Nf6 11. Bc2 Bb4 12. Ba4+ Ke7 13. h3 Ne4 14. Ke2 Rhd8 15. Bc2 Nd3 16. a3 Nexf2 17. Bxd3 Nxh1 18. Bxc4 Bd6 19. Nc3 Ng3+ 20. Kf3 c6 21. b4 a5 22. bxa5 Be5 23. Ra2 Bxc3 24. Kxg3 Bxa5 25. a4 c5 26. Rc2 Rb1 27. Bb2 Rd2 28. Rxd2 Bxd2 29. Bxg7 Rb4 30. Bb5 f6 31. Bh6 c4 32. Kf2 c3 33. Ke2 Rb2 34. Kd3 Be1 35. g4 Kd6 36. e4 Ke5 37. Be3 Rh2 38. Bd4+ Ke6 39. Bc4+ Ke7 40. Bb3 Rxh3+ 41. Ke2 Bd2 42. a5 Bf4 43. a6 c2 44. Bxc2 Be5 45. Be3 Bb8 46. a7 Bxa7 47. Bxa7 Rg3 48. Bc5+ Kd8 49. Bf2 Rxg4 50. Kf3 Rg7 51. Bh4 Rc7 52. Bxf6+ Ke8 53. Bd3 Rb7 54. e5 Kf7 55. Bc4+ Kg6 56. Bd5 Rb8 57. Bc6 Kf7 58. Kf4 Ke6 59. Bg2 Rb3 60. Bf1 Rc3 61. Kg5 Kf7 62. Be2 Rc2 63. Bh5+ Ke6 64. Bg4+ Kd5 65. e6 1/2-1/2